1120 1066 1416 1177 1135 1129 1827 1298 1356 1691 1830 1096 1334 1282 1748 1645 1793 1558 1240 1316 1040 1842 1573 1373 1315 1831 1606 1502 1773 1027 1507 1388 1383 1509 1680 2000 1271 1588 1982 1773 1024 1442 1531 1570 1729 1824 1270 1536 1156 1277 1871 1558 1117 1987 1106 1396 1362 1762 1783 1197 1929 1748 1232 1852 1329 1225 1405 1342 1929 1621 1087 1166 1856 1342 1259 1150 1560 1387 1182 1181 1368 1712 1190 1295 1383 1154 1934 1920 1249 1429 1802 1697 1478 1154 1323 1172 1742 1464 1939 BCNSPRNW ULIB Ver.6.0+V

เปลี่ยนเป็นภาษาไทย

Change to English
 แสดงรายละเอียดบรรณานุกรม
  กลับหน้าหลัก

Brief Record : Get Marc (ISO 2709) : E-mail record : QR code < ปิดหน้าต่าง
LEADER : 00000nam 2200000uu 4500
001    13399123176
003     ULIB
008    120327s2551||||th 000 0 tha d
020    ^a9789740601746
090    ^aนว.^bพ495ก
100 0  ^aเพนกวิน
245 00 ^aกำแพงดอกไม้/^cเพนกวิน
250    ^aพิมพ์ครั้งที่ 1
260    ^aกรุงเทพฯ :^bบลูบัตเตอร์ฟลาย,^c2551
300    ^a304 หน้า
710 1  ^aบลูบัตเตอร์ฟลาย
945    ^p219^l0^i20324
995    ^aกัณชพร
999    ^aใช้งานได้ทุกระบบ
รายการนี้ยังไม่มีแท็ก
คุณยังไม่ได้ล็อกอิน คุณสามารถมีกิจกรรมร่วมกับเว็บไซต์ได้ แต่ต้องล็อกอินก่อน ::
  ล็อกอิน

รายการสื่อสารสนเทศ

ลำดับที่ ประเภท เลขเรียก/บาร์โค้ด สถานที่ สถานะ
1. นวนิยาย
นวนิยาย
นว. พ495ก ฉ.1 
  Barcode: 20324
ห้องสมุดวิทยาเขตนครสวรรค์
►นวนิยาย:l:Fiction
บนชั้น

BibComment


ยังไม่เคยถูกคอมเมนท์

คอมเมนท์ทรัพยากรรายการนี้
  คอมเมนท์: กำแพงดอกไม้ เพนก..


 Copyright 2026. Bcnsprnw @Library